000 00445nam a2200169 4500
003 SEACOMMC
005 20250507140726.0
008 250507b |||||||| |||| 00| 0 eng d
020 _a81-8712-584-3
_cRs.250.00
040 _aSEACOMMC
082 _a 519.5
_bA 261
100 _a Agarwal, D R.
245 1 _aBusiness Statistics
_cD R Agarwal
260 _a Delhi
_b Vrinda Publications
_cc 2009
650 _a Business Statistics
942 _cBOOK
999 _c1212
_d1212